000 00353nam a2200145Ia 4500
008 230917s9999||||xx |||||||||||||| ||und||
040 _e81429
_aMAIN
041 _aEnglish
082 _a342.7 B332R
100 _aBaxi, Upendra, ed.
245 0 _aRight to be human
260 _aNew Delhi
_bLancer International
_c1987
300 _a206 p.
942 _cBK
999 _c58627
_d58627